[Event "IECC P email"]
[Site "IECC email"]
[Date "2003.04.06"]
[Round "?"]
[White "Richard, Andy"]
[Black "Assarsjo, Ingemar"]
[Result "0-1"]
[WhiteElo "1074"]
[BlackElo "1508"]
[PlyCount "28"]
[EventDate "2003.??.??"]
[EventType "tourn (corr)"]
[EventRounds "6"]
[SourceTitle "Corr 2008"]
[Source "ChessBase"]
[SourceDate "2008.06.24"]
[SourceVersion "1"]
[SourceVersionDate "2008.06.24"]
[SourceQuality "1"]

1. e4 e5 2. Nf3 Nc6 3. Bb5 d6 4. d4 exd4 5. Qxd4 Bd7 6. Bxc6 Bxc6 7. 0-0 f5 8. exf5 Bxf3 9. Qe3+ Qe7 10. Qxf3 0-0-0 11. Be3 Kb8 12. Re1 Qf7 13. Nc3 Ne7 14. Bg5 Rd7 0-1

[Event "IECC CL5-2001.28"]
[Site "IECC email"]
[Date "2001.09.28"]
[Round "?"]
[White "Jones, J Mason"]
[Black "Assarsjo, Ingemar"]
[Result "1-0"]
[WhiteElo "1400"]
[BlackElo "1529"]
[PlyCount "47"]
[EventDate "2001.??.??"]
[EventType "tourn (corr)"]
[EventRounds "4"]
[SourceTitle "Corr 2008"]
[Source "ChessBase"]
[SourceDate "2008.06.24"]
[SourceVersion "1"]
[SourceVersionDate "2008.06.24"]
[SourceQuality "1"]

1. c4 d5 2. d4 Nc6 3. Nc3 dxc4 4. d5 Ne5 5. f4 Ng6 6. Nf3 e6 7. e4 exd5 8. exd5 Bb4 9. Qa4+ c6 10. Qxb4 N8e7 11. Bxc4 0-0 12. d6 Nf5 13. 0-0 Qxd6 14. Qxd6 Nxd6 15. Bb3 Re8 16. Bd2 Bf5 17. Rfe1 h6 18. Rxe8+ Rxe8 19. Re1 Rxe1+ 20. Nxe1 Ne4 21. Nxe4 Bxe4 22. Bc2 Bd5 23. Bxg6 fxg6 24. a3 1-0

[Event "IECC CL5-2000.15"]
[Site "IECC email"]
[Date "2000.05.09"]
[Round "?"]
[White "Cherner, Lyle"]
[Black "Assarsjo, Ingemar"]
[Result "1-0"]
[WhiteElo "1402"]
[BlackElo "1525"]
[PlyCount "65"]
[EventDate "2000.??.??"]
[EventType "tourn (corr)"]
[EventRounds "4"]
[SourceTitle "Corr 2008"]
[Source "ChessBase"]
[SourceDate "2008.06.24"]
[SourceVersion "1"]
[SourceVersionDate "2008.06.24"]
[SourceQuality "1"]

1. g4 d5 2. Bg2 Bxg4 3. c4 e6 4. cxd5 exd5 5. Qb3 c6 6. Qxb7 Nd7 7. h3 Bf5 8. d4 Qc8 9. Qxc8+ Rxc8 10. Bf4 Bb4+ 11. Nd2 Ne7 12. Ngf3 0-0 13. Rg1 Ng6 14. Bg3 Nf6 15. a3 Ba5 16. b4 Bc7 17. Bxc7 Rxc7 18. e3 Ne4 19. Rc1 Rb8 20. Nh2 Nxd2 21. Kxd2 a5 22. bxa5 Rb2+ 23. Kd1 Rxf2 24. Ng4 Bxg4+ 25. hxg4 Ne7 26. e4 Rf4 27. Rb1 dxe4 28. a6 e3 29. Rb8+ Rc8 30. a7 Rxd4+ 31. Ke2 Ra4 32. Rd1 g6 33. Rd8+ 1-0

[Event "IECC CL5-2000.02"]
[Site "IECC email"]
[Date "1999.11.04"]
[Round "?"]
[White "Byrnes, Joseph J"]
[Black "Assarsjo, Ingemar"]
[Result "1-0"]
[WhiteElo "1520"]
[BlackElo "1484"]
[PlyCount "23"]
[EventDate "2000.??.??"]
[EventType "tourn (corr)"]
[EventRounds "4"]
[SourceTitle "Corr 2008"]
[Source "ChessBase"]
[SourceDate "2008.06.24"]
[SourceVersion "1"]
[SourceVersionDate "2008.06.24"]
[SourceQuality "1"]

1. e4 e5 2. Nf3 Nc6 3. Bb5 a6 4. Ba4 d6 5. c3 Nf6 6. d4 b5 7. Bb3 Nxe4 8. dxe5 Be6 9. Bxe6 fxe6 10. exd6 cxd6 11. 0-0 e5 12. Qd5 1-0

[Event "IECC CL5-1999.23"]
[Site "IECC email"]
[Date "1999.09.13"]
[Round "?"]
[White "Brown, Daniel M"]
[Black "Assarsjo, Ingemar"]
[Result "0-1"]
[WhiteElo "1469"]
[BlackElo "1467"]
[PlyCount "42"]
[EventDate "1999.??.??"]
[EventType "tourn (corr)"]
[EventRounds "4"]
[SourceTitle "Corr 2008"]
[Source "ChessBase"]
[SourceDate "2008.06.24"]
[SourceVersion "1"]
[SourceVersionDate "2008.06.24"]
[SourceQuality "1"]

1. e4 e5 2. Bc4 Nf6 3. Nf3 Nc6 4. Ng5 d5 5. Bb3 Nxe4 6. Nf3 Bc5 7. Qe2 0-0 8. d3 Nxf2 9. Rf1 Ng4 10. Bg5 f6 11. Bd2 f5 12. Bg5 Qd6 13. c3 Bd7 14. d4 exd4 15. cxd4 Rae8 16. Bxd5+ Qxd5 17. Nc3 Rxe2+ 18. Kxe2 Nxd4+ 19. Ke1 Nc2+ 20. Ke2 Re8+ 21. Be3 Rxe3# 0-1

[Event "IECC CL5-1999.04"]
[Site "IECC email"]
[Date "1999.01.17"]
[Round "?"]
[White "Uranga, Pedro A"]
[Black "Assarsjo, Ingemar"]
[Result "1-0"]
[WhiteElo "1693"]
[BlackElo "1523"]
[PlyCount "97"]
[EventDate "1999.??.??"]
[EventType "tourn (corr)"]
[EventRounds "4"]
[SourceTitle "Corr 2008"]
[Source "ChessBase"]
[SourceDate "2008.06.24"]
[SourceVersion "1"]
[SourceVersionDate "2008.06.24"]
[SourceQuality "1"]

1. Nf3 d5 2. d4 Nf6 3. c4 dxc4 4. e3 Bg4 5. Bxc4 e6 6. h3 Bh5 7. Nc3 Be7 8. 0-0 0-0 9. Be2 c5 10. dxc5 Bxc5 11. e4 Nc6 12. Bg5 Be7 13. Be3 Qa5 14. a3 Rfd8 15. Qb3 Qc7 16. Qc4 a6 17. Rac1 b5 18. Nxb5 axb5 19. Qxc6 Qxc6 20. Rxc6 Nxe4 21. g4 Bg6 22. Bxb5 Rab8 23. a4 Bf6 24. Bf4 Rb7 25. Bc7 Rc8 26. Rfc1 h5 27. Be5 Rxc6 28. Rxc6 hxg4 29. hxg4 Be7 30. Kg2 Nf6 31. Rc8+ Kh7 32. Ng5+ Kh6 33. Bf4 Bb1 34. Nxf7+ Kg6 35. Ne5+ Kh7 36. Rc1 Ba2 37. Bd3+ g6 38. Nxg6 Bd5+ 39. Kg3 Ne4+ 40. Bxe4 Bxe4 41. Nxe7 Rxe7 42. Rc7 Rxc7 43. Bxc7 Bc2 44. a5 Bd3 45. Kf4 Kg6 46. Ke5 Kg5 47. f3 Bc4 48. b4 Kg6 49. f4 1-0

[Event "IECC P email"]
[Site "IECC email"]
[Date "1998.11.02"]
[Round "?"]
[White "Assarsjo, Ingemar"]
[Black "Wenger, Joseph"]
[Result "0-1"]
[WhiteElo "1553"]
[BlackElo "1812"]
[PlyCount "72"]
[EventDate "1998.??.??"]
[EventType "tourn (corr)"]
[EventRounds "6"]
[SourceTitle "Corr 2008"]
[Source "ChessBase"]
[SourceDate "2008.06.24"]
[SourceVersion "1"]
[SourceVersionDate "2008.06.24"]
[SourceQuality "1"]

1. e4 e6 2. d4 d5 3. Nc3 Bb4 4. e5 c5 5. a3 Bxc3+ 6. bxc3 Qc7 7. Qg4 f5 8. Qg3 Ne7 9. Qxg7 Rg8 10. Qxh7 cxd4 11. Kd1 Bd7 12. h4 Qxc3 13. Rb1 Nbc6 14. Rxb7 Nxe5 15. Bb5 Rc8 16. Bxd7+ Nxd7 17. Qh5+ Kd8 18. Qe2 Rxg2 19. Nf3 Nc5 20. Bb2 Na4 21. Bxc3 Nxc3+ 22. Kd2 Nxe2 23. Kxe2 Rxc2+ 24. Kd1 Rcxf2 25. Ng5 Ra2 26. Nxe6+ Ke8 27. Kc1 Ra1+ 28. Rb1 Rxa3 29. h5 Kf7 30. h6 Kxe6 31. h7 Ng6 32. Rh6 Rc3+ 33. Kd1 Rc8 34. Rb7 Ke5 35. Rg7 Rb8 36. Kc1 d3 0-1

[Event "IECC CL5-1998.21"]
[Site "IECC email"]
[Date "1998.10.13"]
[Round "?"]
[White "Assarsjo, Ingemar"]
[Black "Stoffers, Jeffrey"]
[Result "1/2-1/2"]
[WhiteElo "1547"]
[BlackElo "1229"]
[PlyCount "86"]
[EventDate "1998.??.??"]
[EventType "tourn (corr)"]
[EventRounds "4"]
[SourceTitle "Corr 2008"]
[Source "ChessBase"]
[SourceDate "2008.06.24"]
[SourceVersion "1"]
[SourceVersionDate "2008.06.24"]
[SourceQuality "1"]

1. e4 e5 2. Nf3 Nc6 3. Bb5 a6 4. Ba4 Nf6 5. 0-0 Be7 6. Re1 b5 7. Bb3 d6 8. c3 0-0 9. h3 Bb7 10. d4 Re8 11. d5 Na5 12. Bc2 c6 13. dxc6 Nxc6 14. Bg5 Nd7 15. Bxe7 Qxe7 16. Qd2 Nc5 17. b4 Ne6 18. a4 Nf4 19. Na3 Na7 20. c4 bxa4 21. Bxa4 Bc6 22. Bxc6 Nxc6 23. b5 axb5 24. Nxb5 Rxa1 25. Rxa1 Rd8 26. Rd1 f5 27. exf5 d5 28. cxd5 Nxd5 29. Qa2 Ncb4 30. Qc4 e4 31. Re1 Qd7 32. Nfd4 Rc8 33. Qb3 Nd3 34. Rd1 Kh8 35. Ne6 Rb8 36. Ned4 Nc7 37. Rb1 Nxb5 38. Nxb5 Qxf5 39. Qa2 h6 40. Nc3 Rf8 41. Rf1 e3 42. Nd1 exf2+ 43. Nxf2 Nxf2 1/2-1/2

[Event "IECC P email"]
[Site "IECC email"]
[Date "1998.06.28"]
[Round "?"]
[White "Nagley, Tim"]
[Black "Assarsjo, Ingemar"]
[Result "1-0"]
[WhiteElo "1779"]
[BlackElo "1571"]
[PlyCount "65"]
[EventDate "1998.??.??"]
[EventType "tourn (corr)"]
[EventRounds "6"]
[SourceTitle "Corr 2008"]
[Source "ChessBase"]
[SourceDate "2008.06.24"]
[SourceVersion "1"]
[SourceVersionDate "2008.06.24"]
[SourceQuality "1"]

1. e4 e5 2. f4 d5 3. exd5 e4 4. Nc3 Nf6 5. Qe2 Bf5 6. h3 h5 7. b3 a6 8. Bb2 Bc5 9. 0-0-0 Qe7 10. Re1 Nbd7 11. d3 Bb4 12. dxe4 Nxe4 13. Qxe4 Bxe4 14. Rxe4 0-0-0 15. Rxe7 Bxe7 16. Nf3 f6 17. Nd4 Nb6 18. Ne6 Rd7 19. Be2 Nxd5 20. Nxd5 Rxd5 21. Nxg7 h4 22. Bg4+ Kb8 23. c4 Rd3 24. Nf5 Bd6 25. Rf1 Bb4 26. Bxf6 Rh7 27. Bxh4 Rhd7 28. Re1 Rd2 29. Kb1 Ba3 30. Bf6 Bb4 31. Re8+ Ka7 32. Bf3 Rf2 33. Bd4+ 1-0

[Event "IECC P email"]
[Site "IECC email"]
[Date "1998.03.08"]
[Round "?"]
[White "Watson, Roger E"]
[Black "Assarsjo, Ingemar"]
[Result "0-1"]
[WhiteElo "1718"]
[BlackElo "1552"]
[PlyCount "58"]
[EventDate "1998.??.??"]
[EventType "tourn (corr)"]
[EventRounds "6"]
[SourceTitle "Corr 2008"]
[Source "ChessBase"]
[SourceDate "2008.06.24"]
[SourceVersion "1"]
[SourceVersionDate "2008.06.24"]
[SourceQuality "1"]

1. e4 e5 2. Nf3 Nc6 3. d4 exd4 4. Nxd4 Bc5 5. Be3 Qf6 6. c3 Nge7 7. Bc4 Qg6 8. Nxc6 Qxg2 9. Bxf7+ Kxf7 10. Qh5+ g6 11. Ne5+ Ke8 12. Qf3 Qxf3 13. Nxf3 Bxe3 14. fxe3 d6 15. Nbd2 Nc6 16. 0-0-0 Bd7 17. Rdf1 Ke7 18. Nc4 Rhf8 19. Ng5 h6 20. Nh7 Rf7 21. Rxf7+ Kxf7 22. Rf1+ Kg7 23. Nd2 Ne5 24. Nf6 Bh3 25. Nd5 c6 26. Nf4 Bxf1 27. Nxf1 Re8 28. Ng3 Ng4 29. h3 Nxe3 0-1